[Event "Sant Boi de Llobregat op 4th"]
[Site "Sant Boi de Llobregat"]
[Date "2023.12.08"]
[Round "9"]
[White "Alekseenko, Kirill"]
[Black "Jacobson, Brandon"]
[Result "1/2-1/2"]
[WhiteElo "2670"]
[BlackElo "2538"]
[PlyCount "132"]
[EventDate "2023.11.30"]
[EventType "swiss"]
[EventRounds "9"]
[EventCountry "ESP"]
[SourceTitle "CB50_2023"]
[SourceDate "2023.12.13"]
[SourceVersion "1"]
[SourceVersionDate "2023.12.13"]
[SourceQuality "1"]

1. e4 e5 2. Nf3 Nc6 3. Bb5 a6 4. Ba4 Nf6 5. 0-0 Bc5 6. Bxc6 dxc6 7. d3 Qe7 8. h3 h6 9. a3 Bd6 10. c4 c5 11. Ne1 Nd7 12. Nc2 c6 13. Nc3 Nf8 14. b4 Ne6 15. Na4 b5 16. bxc5 Nxc5 17. Nb6 Rb8 18. Nxc8 Rxc8 19. d4 Nb3 20. Rb1 Nxc1 21. c5 Bb8 22. Rxc1 0-0 23. Qg4 exd4 24. Nxd4 Qe5 25. Rfd1 h5 26. Qh4 g6 27. Nf3 Qf4 28. Qe7 Rfe8 29. Qd7 Qf6 30. Re1 Bf4 31. e5 Qe7 32. Rcd1 Qxd7 33. Rxd7 Rcd8 34. Rd6 Rc8 35. g3 Bh6 36. e6 Bf8 37. exf7+ Kxf7 38. Ng5+ Kg7 39. Rxe8 Rxe8 40. Rxc6 Re1+ 41. Kg2 Be7 42. Ne6+ Kf7 43. Nf4 a5 44. Nxg6 Bg5 45. f4 Bf6 46. f5 Bd4 47. Rb6 Bxc5 48. Rxb5 Bd6 49. Rd5 Bxa3 50. Rxa5 Bd6 51. Rd5 Bb8 52. Rb5 Bd6 53. Rb6 Rd1 54. Kf3 Kf6 55. Nf4 Kxf5 56. Rb5+ Be5 57. Ke2 Rg1 58. Nxh5 Ke4 59. Rb4+ Bd4 60. Nf6+ Ke5 61. Ng4+ Ke4 62. Nf6+ Ke5 63. Ng4+ Ke4 64. Rb3 Rg2+ 65. Kf1 Rg1+ 66. Ke2 Rg2+ 1/2-1/2

[Event "Sant Boi de Llobregat op 4th"]
[Site "Sant Boi de Llobregat"]
[Date "2023.12.04"]
[Round "5"]
[White "Jacobson, Brandon"]
[Black "Fedoseev, Vladimir1"]
[Result "1/2-1/2"]
[WhiteElo "2538"]
[BlackElo "2683"]
[PlyCount "60"]
[EventDate "2023.11.30"]
[EventType "swiss"]
[EventRounds "9"]
[EventCountry "ESP"]
[SourceTitle "CB50_2023"]
[SourceDate "2023.12.13"]
[SourceVersion "1"]
[SourceVersionDate "2023.12.13"]
[SourceQuality "1"]

1. Nf3 Nf6 2. c4 b6 3. g3 Bb7 4. Bg2 e6 5. 0-0 Be7 6. d4 0-0 7. Re1 d5 8. cxd5 exd5 9. Nc3 Nbd7 10. Bf4 c5 11. e3 Ne4 12. h4 Ndf6 13. Nd2 Nxc3 14. bxc3 Qd7 15. a4 Rac8 16. Be5 Qe6 17. Bxf6 Qxf6 18. Qb3 Rfd8 19. a5 Bc6 20. axb6 axb6 21. Qxb6 Rb8 22. Qa6 g6 23. Qa2 Qf5 24. Nf3 Bf6 25. Rec1 Bb5 26. Qd2 Bc4 27. Ra5 Rb1 28. Ra1 Rb5 29. dxc5 Rxc5 30. Nd4 Qd7 1/2-1/2

[Event "Sant Boi de Llobregat op 4th"]
[Site "Sant Boi de Llobregat"]
[Date "2023.11.30"]
[Round "1"]
[White "Jacobson, Brandon"]
[Black "Gombocz, Ferenc Jr"]
[Result "1/2-1/2"]
[WhiteElo "2538"]
[BlackElo "2330"]
[PlyCount "106"]
[EventDate "2023.11.30"]
[EventType "swiss"]
[EventRounds "9"]
[EventCountry "ESP"]
[SourceTitle "CB50_2023"]
[SourceDate "2023.12.13"]
[SourceVersion "1"]
[SourceVersionDate "2023.12.13"]
[SourceQuality "1"]

1. c4 c5 2. Nf3 Nc6 3. Nc3 e5 4. e3 Nf6 5. d4 e4 6. d5 exf3 7. dxc6 dxc6 8. Qxd8+ Kxd8 9. gxf3 g6 10. b3 Bg7 11. Bb2 Nh5 12. 0-0-0+ Kc7 13. Be2 Bf5 14. f4 Nf6 15. Na4 b6 16. Be5+ Kb7 17. Bf3 Rhd8 18. Nc3 Ne8 19. Ne2 Bxe5 20. fxe5 f6 21. e4 Bd7 22. exf6 Nxf6 23. Rhg1 Kc7 24. e5 Ne8 25. h4 Ng7 26. h5 Rf8 27. Rd3 Be8 28. hxg6 hxg6 29. Rg2 Rd8 30. Be4 Rxd3 31. Bxd3 Ne6 32. Kd2 g5 33. Rh2 Nd4 34. Nxd4 cxd4 35. Be4 Kd7 36. Kd3 Ke6 37. Kxd4 c5+ 38. Ke3 Kxe5 39. Rh7 Rf7 40. Rh5 Kf6 41. Rh6+ Ke5 42. Rg6 Rxf2 43. Kxf2 Bxg6 44. Bxg6 Kd4 45. Bc2 Kc3 46. Bd1 Kd2 47. Bg4 Kc2 48. Ke3 Kb2 49. Kd3 Kxa2 50. Kc3 Ka3 51. Be6 Ka2 52. Bd7 Ka3 53. Bc8 Ka2 1/2-1/2

[Event "Sunnyvale Silicon Valley Fall op"]
[Site "Sunnyvale"]
[Date "2023.08.31"]
[Round "1"]
[White "Jacobson, Brandon"]
[Black "Lee, Megan Shuen Hui"]
[Result "1-0"]
[WhiteElo "2540"]
[BlackElo "2258"]
[PlyCount "61"]
[EventDate "2023.08.31"]
[EventType "swiss"]
[EventRounds "9"]
[EventCountry "USA"]
[SourceTitle "EXT 2024"]
[Source "ChessBase"]
[SourceDate "2023.10.10"]
[SourceVersion "1"]
[SourceVersionDate "2023.10.10"]
[SourceQuality "1"]

1. d4 d5 2. c4 c6 3. cxd5 cxd5 4. Nc3 Nf6 5. Bf4 Nc6 6. e3 a6 7. Be2 Bf5 8. Nf3 Rc8 9. 0-0 e6 10. Qb3 Na5 11. Qa4+ Nc6 12. Ne5 Nd7 13. Nxc6 Rxc6 14. Rfc1 Nb6 15. Qb3 g5 16. Bg3 Qc8 17. Qd1 Qd7 18. a4 Nc4 19. e4 dxe4 20. Bxc4 Rxc4 21. Nxe4 Rxc1 22. Nf6+ Ke7 23. Rxc1 Kxf6 24. Rc7 Qxc7 25. Bxc7 Kg6 26. Qf3 Bg7 27. Qxb7 Bxd4 28. b4 Bc3 29. Qxa6 Bxb4 30. g4 Bxg4 31. Qc4 1-0

[Event "Titled Tuesday intern op 29th Aug Early"]
[Site "Chess.com INT"]
[Date "2023.08.29"]
[Round "11"]
[White "Jacobson, Brandon"]
[Black "Gordon, Frederick"]
[Result "1/2-1/2"]
[WhiteElo "2537"]
[BlackElo "2253"]
[PlyCount "219"]
[EventDate "2023.08.29"]
[EventType "swiss (blitz)"]
[EventRounds "11"]
[EventCountry "USA"]
[SourceTitle "EXT 2024"]
[Source "ChessBase"]
[SourceDate "2023.10.10"]
[SourceVersion "1"]
[SourceVersionDate "2023.10.10"]
[SourceQuality "1"]

1. d4 Nf6 2. c4 e6 3. Nf3 d5 4. g3 dxc4 5. Bg2 c5 6. 0-0 Nc6 7. dxc5 Qxd1 8. Rxd1 Bxc5 9. Nfd2 Na5 10. Na3 Bxa3 11. bxa3 Bd7 12. Bb2 Bc6 13. Bc3 Bxg2 14. Kxg2 Nc6 15. Nxc4 Ke7 16. Nd6 Nd5 17. Nf5+ exf5 18. Rxd5 Ke6 19. Rad1 Rhd8 20. Rxd8 Rxd8 21. Rxd8 Nxd8 22. Bxg7 Kd5 23. Kf3 Ne6 24. Bf6 h5 25. h3 b5 26. g4 hxg4+ 27. hxg4 fxg4+ 28. Kxg4 Nc7 29. Kf5 Ne8 30. Bd8 Nd6+ 31. Kf4 Ke6 32. Ba5 Nc4 33. Bb4 a5 34. Bf8 Ne5 35. Ke4 Nc6 36. Bg7 f5+ 37. Kf4 a4 38. Bc3 Ne7 39. e4 fxe4 40. Kxe4 Nf5 41. Bb4 Nh6 42. Kd4 Ng4 43. f3 Ne5 44. Ke4 Nc6 45. f4 Nd8 46. f5+ Kf6 47. Bc3+ Kg5 48. Ke5 Nf7+ 49. Ke6 Nd8+ 50. Kd7 Nf7 51. Ke7 Nh6 52. Bd2+ Kxf5 53. Bxh6 Ke5 54. Kd7 Kd5 55. Be3 Ke4 56. Bc5 Kd5 57. Bb4 Kd4 58. Kc6 Kc4 59. Kb6 Kd4 60. Kxb5 Kd5 61. Bc5 Ke6 62. Kc6 Ke5 63. Bd6+ Ke6 64. Bg3 Ke7 65. Bh4+ Ke6 66. Kc7 Kd5 67. Kd7 Kc5 68. Bd8 Kb5 69. Kd6 Ka6 70. Kc6 Ka7 71. Be7 Ka8 72. Bd6 Ka7 73. Bc5+ Ka8 74. Bb6 Kb8 75. Kb5 Ka8 76. Be3 Kb8 77. Bd2 Ka8 78. Be1 Kb8 79. Bh4 Ka8 80. Bf6 Kb8 81. Be5+ Ka8 82. Kc6 Ka7 83. Bd6 Ka8 84. Bc5 Kb8 85. Kd7 Ka8 86. Bb6 Kb8 87. Ba5 Ka8 88. Kc7 Ka7 89. Bb4 Ka8 90. Kb6 Kb8 91. Bd6+ Ka8 92. Be7 Kb8 93. Kc6 Ka8 94. Kc7 Ka7 95. Bb4 Ka8 96. Kc6 Kb8 97. Bc5 Ka8 98. Bd6 Ka7 99. Kb5 Ka8 100. Be5 Ka7 101. Bd4+ Ka8 102. Bb6 Kb8 103. Be3 Ka8 104. Kc6 Kb8 105. Bd4 Ka8 106. Bc3 Kb8 107. Bb4 Ka8 108. Kc7 Ka7 109. Bc5+ Ka8 110. Bd6 1/2-1/2

[Event "Titled Tuesday intern op 29th Aug Late"]
[Site "Chess.com INT"]
[Date "2023.08.29"]
[Round "3"]
[White "Jacobson, Brandon"]
[Black "Goryachkina, Aleksandra"]
[Result "1/2-1/2"]
[WhiteElo "2537"]
[BlackElo "2557"]
[PlyCount "150"]
[EventDate "2023.08.29"]
[EventType "swiss (blitz)"]
[EventRounds "11"]
[EventCountry "USA"]
[SourceTitle "EXT 2024"]
[Source "ChessBase"]
[SourceDate "2023.10.10"]
[SourceVersion "1"]
[SourceVersionDate "2023.10.10"]
[SourceQuality "1"]

1. d4 Nf6 2. c4 e6 3. Nf3 d5 4. g3 Bb4+ 5. Nbd2 0-0 6. Bg2 b6 7. 0-0 Bb7 8. Ne5 Re8 9. Ndf3 h6 10. Qc2 Bf8 11. Bf4 Nbd7 12. Nxd7 Qxd7 13. Ne5 Qe7 14. Rac1 c5 15. cxd5 Nxd5 16. dxc5 Nxf4 17. gxf4 Bxg2 18. Kxg2 bxc5 19. Qe4 Rab8 20. b3 Rb4 21. Rc4 Rxc4 22. Nxc4 Rd8 23. e3 Qh4 24. Qf3 Rd5 25. Rd1 Qd8 26. Rc1 Qh4 27. Rc2 g5 28. Qg3 Qh5 29. Ne5 Bg7 30. Qf3 g4 31. Nxg4 Qg6 32. e4 Rd4 33. Kf1 Rxe4 34. Rxc5 Rd4 35. Ne3 Rd2 36. f5 exf5 37. Rc8+ Kh7 38. Qxf5 Rxa2 39. Rc7 Qxf5 40. Nxf5 Kg6 41. Ne7+ Kf6 42. Nc6 a6 43. Nd8 Kg6 44. Nxf7 Bd4 45. f4 Rf2+ 46. Ke1 Rxf4 47. Nd8 Rh4 48. Rc6+ Kh7 49. Ne6 Bb2 50. Rxa6 Rxh2 51. Kf1 Bc3 52. Nc5 Rb2 53. Ra7+ Kg6 54. Rb7 h5 55. Ne4 Bd4 56. Rb5 h4 57. Rg5+ Kh6 58. Rd5 Be3 59. Rd3 Bf4 60. Nc5 Bg3 61. Ne4 Kh5 62. Nxg3+ hxg3 63. Rxg3 Kh4 64. Rc3 Kg4 65. Ke1 Kf4 66. Kd1 Ke5 67. Kc1 Rh2 68. Rd3 Ke4 69. Rd8 Ke5 70. Kb1 Ke6 71. Rd3 Ke5 72. Kc1 Ke4 73. Rd8 Ke5 74. Rd7 Ke6 75. Rd8 Ke5 1/2-1/2

[Event "Titled Tuesday intern op 29th Aug Early"]
[Site "Chess.com INT"]
[Date "2023.08.29"]
[Round "6"]
[White "Jacobson, Brandon"]
[Black "Martinez Alcantara, Jose Eduardo"]
[Result "1-0"]
[WhiteElo "2537"]
[BlackElo "2619"]
[PlyCount "137"]
[EventDate "2023.08.29"]
[EventType "swiss (blitz)"]
[EventRounds "11"]
[EventCountry "USA"]
[SourceTitle "EXT 2024"]
[Source "ChessBase"]
[SourceDate "2023.10.10"]
[SourceVersion "1"]
[SourceVersionDate "2023.10.10"]
[SourceQuality "1"]

1. Nf3 c5 2. c4 Nc6 3. Nc3 g6 4. e3 Bg7 5. d4 d6 6. Be2 e6 7. 0-0 Nge7 8. d5 exd5 9. cxd5 Na5 10. Bd2 0-0 11. a3 c4 12. Nd4 Nf5 13. Ncb5 Nxd4 14. Nxd4 Bd7 15. Bxa5 Qxa5 16. Bxc4 Rac8 17. Rc1 Qb6 18. Qd2 Bxd4 19. Qxd4 Qxd4 20. exd4 Rfe8 21. f3 Kg7 22. Kf2 Kf6 23. Rc3 g5 24. Rfc1 h6 25. Bd3 Rxc3 26. bxc3 b5 27. Rb1 Rc8 28. Bxb5 Bxb5 29. Rxb5 Rxc3 30. Ra5 Rc7 31. Ra6 Ke7 32. Kg3 f5 33. Rc6 Rb7 34. Rc8 a5 35. Rh8 Rb5 36. Rh7+ Kf8 37. Rxh6 Rxd5 38. Rg6 f4+ 39. Kg4 Rxd4 40. Rxg5 Ra4 41. Rf5+ Ke7 42. h4 Rxa3 43. h5 Ra1 44. Kxf4 a4 45. h6 Rh1 46. Kg5 Rh2 47. g4 a3 48. Ra5 a2 49. Kg6 d5 50. h7 d4 51. Rxa2 Rxa2 52. h8Q Ra6+ 53. Kf5 Rd6 54. Qg7+ Kd8 55. Qf8+ Kd7 56. Qxd6+ Kxd6 57. Ke4 d3 58. Kxd3 Ke5 59. Ke3 Kf6 60. f4 Kg7 61. Ke4 Kf8 62. Kf5 Kg8 63. Kg6 Kf8 64. f5 Kg8 65. f6 Kf8 66. f7 Ke7 67. Kg7 Ke6 68. f8Q Ke5 69. Qf5+ 1-0

[Event "Titled Tuesday intern op 29th Aug Early"]
[Site "Chess.com INT"]
[Date "2023.08.29"]
[Round "8"]
[White "Lazavik, Denis"]
[Black "Jacobson, Brandon"]
[Result "1-0"]
[WhiteElo "2560"]
[BlackElo "2537"]
[PlyCount "89"]
[EventDate "2023.08.29"]
[EventType "swiss (blitz)"]
[EventRounds "11"]
[EventCountry "USA"]
[SourceTitle "EXT 2024"]
[Source "ChessBase"]
[SourceDate "2023.10.10"]
[SourceVersion "1"]
[SourceVersionDate "2023.10.10"]
[SourceQuality "1"]

1. d4 Nf6 2. c4 e6 3. Nf3 d5 4. g3 dxc4 5. Bg2 Nbd7 6. 0-0 c6 7. a4 a5 8. Qc2 b5 9. Ne5 Nxe5 10. dxe5 Nd5 11. axb5 cxb5 12. Nc3 Qb6 13. Nxd5 exd5 14. Bxd5 Ra7 15. Qe4 Bc5 16. Bc6+ Bd7 17. Bxd7+ Rxd7 18. Qa8+ Rd8 19. Qxa5 Qc6 20. Qa6 Qxa6 21. Rxa6 Kd7 22. e6+ fxe6 23. Bf4 h6 24. Be5 Rhg8 25. Kg2 Ke7 26. Ra5 Rd5 27. Bc3 Rb8 28. Bxg7 Bd4 29. Bxd4 Rxd4 30. Kf3 Rd2 31. Rb1 Rc2 32. Ra7+ Kd6 33. Ke3 Kc5 34. b4+ cxb3 35. Rxb3 Kc4 36. Rb1 Rc8 37. Rb7 Rc5 38. f4 Rc3+ 39. Ke4 Rc2 40. Kf3 Rc3+ 41. e3 Rd5 42. Rb6 e5 43. Rc6+ Kd3 44. Rd1+ Kc2 45. Rxd5 1-0

[Event "Titled Tuesday intern op 29th Aug Early"]
[Site "Chess.com INT"]
[Date "2023.08.29"]
[Round "1"]
[White "Reprintsev, Alexander"]
[Black "Jacobson, Brandon"]
[Result "0-1"]
[WhiteElo "2225"]
[BlackElo "2537"]
[PlyCount "100"]
[EventDate "2023.08.29"]
[EventType "swiss (blitz)"]
[EventRounds "11"]
[EventCountry "USA"]
[SourceTitle "EXT 2024"]
[Source "ChessBase"]
[SourceDate "2023.10.10"]
[SourceVersion "1"]
[SourceVersionDate "2023.10.10"]
[SourceQuality "1"]

1. e4 c5 2. b3 Nc6 3. Bb2 d6 4. f4 Nf6 5. Qf3 e6 6. Nc3 Nd4 7. Qd3 d5 8. Nf3 Nxf3+ 9. gxf3 d4 10. Ne2 Nh5 11. 0-0-0 Bd6 12. e5 Be7 13. Bh3 g6 14. Ng3 Nxf4 15. Qf1 Bd7 16. Ne4 Bc6 17. Re1 Qa5 18. Kb1 0-0-0 19. d3 Qc7 20. Bc1 Nxh3 21. Qxh3 Qxe5 22. Ng5 Qf6 23. Ne4 Qf5 24. Qg3 e5 25. f4 exf4 26. Bxf4 Qd5 27. Bb8 Qd7 28. Bxa7 Qc7 29. Bxc5 Qxg3 30. hxg3 Bxc5 31. Nxc5 Bxh1 32. Rxh1 Rde8 33. c3 dxc3 34. Kc2 Re2+ 35. Kxc3 Rxa2 36. d4 Rg2 37. Rh3 h5 38. Ne4 Kd7 39. Kc4 Rc8+ 40. Kd5 Ke7 41. Ke5 Re2 42. Kf4 Rd8 43. Nc3 Rxd4+ 44. Kf3 Rd3+ 45. Kxe2 Rxc3 46. b4 b5 47. Kf2 Rc4 48. Rh1 Rxb4 49. Re1+ Kf6 50. Rc1 Rb2+ 0-1

[Event "Titled Tuesday intern op 29th Aug Early"]
[Site "Chess.com INT"]
[Date "2023.08.29"]
[Round "5"]
[White "Riehle, Marco"]
[Black "Jacobson, Brandon"]
[Result "0-1"]
[WhiteElo "2368"]
[BlackElo "2537"]
[PlyCount "36"]
[EventDate "2023.08.29"]
[EventType "swiss (blitz)"]
[EventRounds "11"]
[EventCountry "USA"]
[SourceTitle "EXT 2024"]
[Source "ChessBase"]
[SourceDate "2023.10.10"]
[SourceVersion "1"]
[SourceVersionDate "2023.10.10"]
[SourceQuality "1"]

1. e4 c5 2. a3 g6 3. h4 d5 4. exd5 Nf6 5. h5 Nxh5 6. c4 Nf6 7. d4 cxd4 8. Nf3 Bg7 9. Nxd4 e6 10. dxe6 0-0 11. exf7+ Rxf7 12. Nc3 Rd7 13. Be3 Nc6 14. Nd5 Nxd5 15. cxd5 Qa5+ 16. b4 Qxd5 17. Nxc6 Bc3+ 18. Ke2 Qc4+ 0-1

[Event "Barcelona Sants op 24th"]
[Site "Barcelona"]
[Date "2023.08.26"]
[Round "9"]
[White "Alekseenko, Kirill"]
[Black "Jacobson, Brandon"]
[Result "1/2-1/2"]
[WhiteElo "2675"]
[BlackElo "2537"]
[PlyCount "89"]
[EventDate "2023.08.18"]
[EventType "swiss"]
[EventRounds "10"]
[EventCountry "ESP"]
[SourceTitle "CBM 215 Extra"]
[Source "ChessBase"]
[SourceDate "2023.09.30"]
[SourceVersion "1"]
[SourceVersionDate "2023.09.30"]
[SourceQuality "1"]

1. e4 c5 2. Nf3 g6 3. c4 Nc6 4. d4 cxd4 5. Nxd4 Nf6 6. Nc3 d6 7. Be2 Nxd4 8. Qxd4 Bg7 9. Bg5 0-0 10. Qd3 a5 11. 0-0 a4 12. Rac1 Bd7 13. Rfd1 Bc6 14. Qe3 Qa5 15. Nd5 Rfe8 16. c5 Bxd5 17. exd5 Rac8 18. c6 Rc7 19. Bf3 bxc6 20. dxc6 Rb8 21. b3 Rb5 22. h4 h5 23. Qd3 axb3 24. axb3 Qb6 25. Be3 Qb8 26. Ba7 Rxa7 27. c7 Rxc7 28. Rxc7 Rxb3 29. Qc4 Bf8 30. Rc8 Qb6 31. Ra8 Rb2 32. Rf1 Rb1 33. g3 Rxf1+ 34. Kxf1 Kg7 35. Qc8 Nh7 36. Kg2 Qd4 37. Qe8 Qe5 38. Rb8 Qd4 39. Qc6 Nf6 40. Qc8 Nh7 41. Ra8 Qe5 42. Qd7 Nf6 43. Qd8 Nh7 44. Ra5 Qd4 45. Ra8 1/2-1/2

[Event "Barcelona Sants op 24th"]
[Site "Barcelona"]
[Date "2023.08.24"]
[Round "7"]
[White "Narciso Dublan, Marc"]
[Black "Jacobson, Brandon"]
[Result "0-1"]
[WhiteElo "2422"]
[BlackElo "2537"]
[PlyCount "122"]
[EventDate "2023.08.18"]
[EventType "swiss"]
[EventRounds "10"]
[EventCountry "ESP"]
[SourceTitle "CBM 215 Extra"]
[Source "ChessBase"]
[SourceDate "2023.09.30"]
[SourceVersion "1"]
[SourceVersionDate "2023.09.30"]
[SourceQuality "1"]

1. e4 c5 2. Nc3 Nc6 3. g3 g6 4. Bg2 Bg7 5. d3 d6 6. Be3 Nf6 7. h3 Rb8 8. Nge2 b5 9. Qd2 b4 10. Nd1 0-0 11. 0-0 a5 12. a3 b3 13. c3 e6 14. f4 Qb6 15. f5 exf5 16. exf5 Bxf5 17. Nf4 Ne7 18. c4 Bc8 19. Nc3 Bb7 20. g4 Rbe8 21. Rae1 h6 22. Bxb7 Qxb7 23. Nb5 Qb6 24. Ng2 g5 25. Bf2 d5 26. Bg3 Nc8 27. Rxe8 Rxe8 28. Bc7 Qc6 29. Ne3 dxc4 30. dxc4 Qe4 31. Nf5 Qxc4 32. Nc3 Bf8 33. Bxa5 Qa6 34. Bc7 Qc6 35. Bg3 c4 36. Kh2 Ne4 37. Qg2 Na7 38. Re1 Nf6 39. Qxc6 Nxc6 40. Rxe8 Nxe8 41. Kg2 Bg7 42. Nxg7 Kxg7 43. Kf3 Kf6 44. Ke3 Ke6 45. Ne4 Ng7 46. Kd2 f5 47. gxf5+ Nxf5 48. Bf2 Ke5 49. Ng3 Nxg3 50. Bxg3+ Kd5 51. a4 h5 52. Kc3 g4 53. hxg4 hxg4 54. Bf2 Nb8 55. a5 Na6 56. Bh4 Kc5 57. Be1 Nb4 58. Bf2+ Kb5 59. Be1 Nd5+ 60. Kd2 Kxa5 61. Ke2+ Kb5 0-1

[Event "Barcelona Sants op 24th"]
[Site "Barcelona"]
[Date "2023.08.22"]
[Round "5"]
[White "Jacobson, Brandon"]
[Black "Macias Pino, Diego"]
[Result "1/2-1/2"]
[WhiteElo "2537"]
[BlackElo "2439"]
[PlyCount "98"]
[EventDate "2023.08.18"]
[EventType "swiss"]
[EventRounds "10"]
[EventCountry "ESP"]
[SourceTitle "CBM 215 Extra"]
[Source "ChessBase"]
[SourceDate "2023.09.30"]
[SourceVersion "1"]
[SourceVersionDate "2023.09.30"]
[SourceQuality "1"]

1. Nf3 d5 2. g3 Nf6 3. Bg2 c6 4. 0-0 Bf5 5. c4 dxc4 6. a4 e6 7. Na3 Qd5 8. b3 cxb3 9. d3 Na6 10. Nh4 Qd4 11. Qxb3 Nc5 12. Qb1 Bg4 13. Nf3 Bxf3 14. Bxf3 Be7 15. Nc4 0-0 16. a5 Qd7 17. Rd1 Na6 18. d4 Nd5 19. Qb3 f5 20. e4 fxe4 21. Bxe4 Qc7 22. Ra2 Nab4 23. Re2 c5 24. Bg2 cxd4 25. Rxe6 Kh8 26. Ba3 Bc5 27. Ne5 Nc3 28. Rd2 Na6 29. Bb2 Rab8 30. Nd3 Be7 31. h4 Bf6 32. Ba3 Rfd8 33. h5 Qf7 34. Rb2 Nc7 35. Rd6 Qxh5 36. Rxf6 gxf6 37. Be7 N7d5 38. Nf4 Qe5 39. Nxd5 Nxd5 40. Bxd8 Rxd8 41. Bf1 b6 42. axb6 axb6 43. Bd3 Rg8 44. Re2 Ne3 45. Qf7 Rxg3+ 46. fxg3 Qxg3+ 47. Kh1 Qh3+ 48. Kg1 Qf1+ 49. Kh2 Qf4+ 1/2-1/2

[Event "Saint Louis Summer-B"]
[Site "Saint Louis"]
[Date "2023.08.09"]
[Round "8"]
[White "Jacobson, Brandon"]
[Black "Lomasov, Semen"]
[Result "1/2-1/2"]
[WhiteElo "2537"]
[BlackElo "2542"]
[PlyCount "89"]
[EventDate "2023.08.02"]
[EventType "tourn"]
[EventRounds "9"]
[EventCountry "USA"]
[EventCategory "11"]
[SourceTitle "CBM 215 Extra"]
[Source "ChessBase"]
[SourceDate "2023.09.30"]
[SourceVersion "1"]
[SourceVersionDate "2023.09.30"]
[SourceQuality "1"]

1. Nf3 Nf6 2. c4 c5 3. Nc3 Nc6 4. d4 cxd4 5. Nxd4 e6 6. Bf4 d5 7. e3 Be7 8. Be2 0-0 9. 0-0 dxc4 10. Nxc6 bxc6 11. Bxc4 Nd5 12. Be5 Qa5 13. Qa4 Qxa4 14. Nxa4 Nb6 15. Bb3 Ba6 16. Rfc1 Nxa4 17. Bxa4 c5 18. Bb3 Rfd8 19. Bc4 Bb7 20. Kf1 h5 21. f3 g5 22. Ke2 Kh7 23. e4 Kg6 24. Rc3 Bc6 25. Ra3 a5 26. Rb3 Bf6 27. Bxf6 Kxf6 28. Rc1 Rab8 29. Rc2 Ba4 30. Rxb8 Rxb8 31. b3 Be8 32. Ke3 a4 33. Rc3 Ke7 34. f4 f6 35. fxg5 fxg5 36. e5 Bc6 37. bxa4 Bxg2 38. Be2 Ra8 39. Bb5 Rc8 40. a5 Bd5 41. a4 h4 42. Be2 c4 43. Kd4 Ra8 44. Bxc4 Rxa5 45. Bxd5 1/2-1/2

[Event "Saint Louis Summer-B"]
[Site "Saint Louis"]
[Date "2023.08.08"]
[Round "7"]
[White "Moradiabadi, Elshan"]
[Black "Jacobson, Brandon"]
[Result "0-1"]
[WhiteElo "2524"]
[BlackElo "2537"]
[PlyCount "36"]
[EventDate "2023.08.02"]
[EventType "tourn"]
[EventRounds "9"]
[EventCountry "USA"]
[EventCategory "11"]
[SourceTitle "CBM 215 Extra"]
[Source "ChessBase"]
[SourceDate "2023.09.30"]
[SourceVersion "1"]
[SourceVersionDate "2023.09.30"]
[SourceQuality "1"]

1. d4 Nf6 2. Nf3 g6 3. g3 Bg7 4. Bg2 0-0 5. 0-0 d6 6. Nc3 Nbd7 7. a4 a5 8. b3 Re8 9. Ba3 d5 10. Ne5 c6 11. f4 Nxe5 12. fxe5 Ng4 13. Qd3 f6 14. exf6 exf6 15. e4 dxe4 16. Nxe4 f5 17. Nd6 Re6 18. Nxc8 Qxd4+ 0-1

[Event "Saint Louis Summer-B"]
[Site "Saint Louis"]
[Date "2023.08.06"]
[Round "5"]
[White "Budisavljevic, Luka"]
[Black "Jacobson, Brandon"]
[Result "1/2-1/2"]
[WhiteElo "2495"]
[BlackElo "2537"]
[PlyCount "81"]
[EventDate "2023.08.02"]
[EventType "tourn"]
[EventRounds "9"]
[EventCountry "USA"]
[EventCategory "11"]
[SourceTitle "CBM 215 Extra"]
[Source "ChessBase"]
[SourceDate "2023.09.30"]
[SourceVersion "1"]
[SourceVersionDate "2023.09.30"]
[SourceQuality "1"]

1. d4 g6 2. e4 Bg7 3. c4 d6 4. Nc3 c5 5. d5 Bxc3+ 6. bxc3 e5 7. Bd3 Nd7 8. Nf3 Qf6 9. Be3 h6 10. Qd2 Qg7 11. Nh4 Ne7 12. h3 Kd8 13. 0-0-0 Kc7 14. g3 g5 15. Ng2 b6 16. Rdg1 f5 17. exf5 e4 18. Bxe4 Ne5 19. Qe2 Bxf5 20. Bxf5 Nxf5 21. g4 Nxe3 22. Nxe3 Qf6 23. Nf5 Rae8 24. Kc2 h5 25. Ne3 Nxc4 26. gxh5 b5 27. h4 Rhf8 28. Rg2 Qf4 29. Qg4 Nxe3+ 30. fxe3 Qxe3 31. Rd1 Rf3 32. Qxg5 Qxc3+ 33. Kb1 Re4 34. Qg7+ Kb6 35. Qxc3 Rxc3 36. Rg6 Rb4+ 37. Ka1 Rxh4 38. Rxd6+ Ka5 39. Rc6 Rh2 40. d6 Rcc2 41. Rxc5 1/2-1/2

[Event "Saint Louis Summer-B"]
[Site "Saint Louis"]
[Date "2023.08.03"]
[Round "2"]
[White "Wang, Justin"]
[Black "Jacobson, Brandon"]
[Result "1/2-1/2"]
[WhiteElo "2520"]
[BlackElo "2537"]
[PlyCount "48"]
[EventDate "2023.08.02"]
[EventType "tourn"]
[EventRounds "9"]
[EventCountry "USA"]
[EventCategory "11"]
[SourceTitle "CBM 215 Extra"]
[Source "ChessBase"]
[SourceDate "2023.09.30"]
[SourceVersion "1"]
[SourceVersionDate "2023.09.30"]
[SourceQuality "1"]

1. Nf3 Nf6 2. c4 e6 3. g3 d5 4. Bg2 d4 5. 0-0 c5 6. e3 Nc6 7. exd4 cxd4 8. d3 Bd6 9. Bg5 h6 10. Bxf6 Qxf6 11. Nbd2 Qe7 12. a3 a5 13. Ne4 Bc7 14. b4 axb4 15. axb4 Rxa1 16. Qxa1 Qxb4 17. Rb1 Qe7 18. Nxd4 Nxd4 19. Qxd4 0-0 20. Qc5 Qd7 21. Qe3 Qa4 22. Qc5 Qd7 23. Qe3 Qa4 24. Qc5 Qd7 1/2-1/2

[Event "USA-ch U20"]
[Site "Saint Louis"]
[Date "2023.07.24"]
[Round "9"]
[White "Jacobson, Brandon"]
[Black "Hong, Andrew Z"]
[Result "1/2-1/2"]
[WhiteElo "2546"]
[BlackElo "2520"]
[PlyCount "91"]
[EventDate "2023.07.15"]
[EventType "tourn"]
[EventRounds "9"]
[EventCountry "USA"]
[EventCategory "9"]
[SourceTitle "CBM 215 Extra"]
[Source "ChessBase"]
[SourceDate "2023.09.30"]
[SourceVersion "1"]
[SourceVersionDate "2023.09.30"]
[SourceQuality "1"]

1. Nf3 d5 2. g3 Nf6 3. Bg2 e6 4. 0-0 Be7 5. d3 0-0 6. c4 c5 7. Ne5 Qc7 8. f4 d4 9. e4 dxe3 10. Bxe3 Nbd7 11. Nxd7 Bxd7 12. Nc3 Bc6 13. Bxc6 Qxc6 14. Qe2 Nd7 15. Qg2 Qxg2+ 16. Kxg2 Rac8 17. Rad1 Nb8 18. b3 Nc6 19. Ne2 Rfd8 20. d4 cxd4 21. Nxd4 Nxd4 22. Bxd4 b6 23. Rd3 f6 24. Rfd1 Kf7 25. g4 b5 26. Bxa7 Rxd3 27. Rxd3 bxc4 28. bxc4 Rxc4 29. Be3 e5 30. fxe5 Rxg4+ 31. Kf3 f5 32. Rd4 Rg6 33. Rd7 Ke6 34. Ra7 Rg4 35. a4 Re4 36. Bb6 g5 37. h3 h5 38. a5 g4+ 39. hxg4 hxg4+ 40. Kg3 Ra4 41. a6 Ra3+ 42. Kg2 Ra2+ 43. Kg3 Ra3+ 44. Kg2 Ra2+ 45. Kg3 Ra3+ 46. Kg2 1/2-1/2